| 000 | 00718nam a2200229 i 4500 | ||
|---|---|---|---|
| 001 | 16791 | ||
| 003 | ES-MaACL | ||
| 005 | 20240419063012.0 | ||
| 007 | t| | ||
| 008 | 001106s1987 sp c 000 j epo | ||
| 020 | _a84-398-9107-5 | ||
| 080 | _a821.134.2-34"19" | ||
| 100 | 1 |
_aOsorio, Guillermo, _d1918-1982 _987767 |
|
| 245 | 1 | 3 |
_aLa blua hundo = _bEl perro azul / _cGuillermo Osorio ; el la hispana tradukis Miguel Fernández. |
| 260 |
_aMadrid : _bAguacantos, _c[1987] |
||
| 300 |
_a25 p. : _b1 retr. ; _c17 cm. |
||
| 546 | _aTexto en esperanto y español. | ||
| 700 | 1 |
_aFernández, Miguel ( _d1950-) _9162251 |
|
| 740 | 3 | 2 | _aEl perro azul. |
| 852 | 4 |
_aES-MaACL _j2156-F-17 |
|
| 999 |
_c16791 _d16791 |
||